Central Library and Information Centre
Sibsagar Girls' College, Sivasagar : Assam

INGRAJI SAHITYER ITIHAAS (Bengali Medium) (Record no. 782)

MARC details
000 -LEADER
fixed length control field 00420cam a2200169ua 4500
008 - FIXED-LENGTH DATA ELEMENTS--GENERAL INFORMATION
fixed length control field 120112n II |||gr||||Z||||||ben
040 ## - CATALOGING SOURCE
Original cataloging agency MAIN
041 ## - LANGUAGE CODE
-- English
082 ## - DEWEY DECIMAL CLASSIFICATION NUMBER
Classification number 891 BAN
100 ## - MAIN ENTRY--PERSONAL NAME
Personal name BANERJEE , SRIKUMAR.
245 ## - TITLE STATEMENT
Title INGRAJI SAHITYER ITIHAAS (Bengali Medium)
260 ## - PUBLICATION, DISTRIBUTION, ETC.
Place of publication, distribution, etc. KOLKATA
Name of publisher, distributor, etc. ORIENT BOOK CO.
300 ## - PHYSICAL DESCRIPTION
Dimensions 20CM.
942 ## - ADDED ENTRY ELEMENTS (KOHA)
Koha item type Books
653 ## - INDEX TERM--UNCONTROLLED
Uncontrolled term East Indo-European & Celtic literatures
Holdings
Withdrawn status Lost status Damaged status Not for loan Collection code Home library Current library Shelving location Date acquired Full call number Barcode Date last seen Copy number Price effective from Koha item type Public note
        TBASM Central Library and Information Centre Sibsagar Girls College Central Library and Information Centre Sibsagar Girls College ASSAMESE BOOK RACK 19.04.1967 891 BAN 00853 27.02.2020 1 27.02.2020 Books V


Sibsagar Girl's College © 2020. All rights reserved.
Powered by Koha.
Maintained by Abhijit Borpuzari.